Crop Diseases and their management: (Record no. 7934)
[ view plain ]
| 000 -LEADER | |
|---|---|
| fixed length control field | 00527nam a22001817a 4500 |
| 003 - CONTROL NUMBER IDENTIFIER | |
| control field | OSt |
| 005 - DATE AND TIME OF LATEST TRANSACTION | |
| control field | 20220803105638.0 |
| 008 - FIXED-LENGTH DATA ELEMENTS--GENERAL INFORMATION | |
| fixed length control field | 220803b ||||| |||| 00| 0 eng d |
| 040 ## - CATALOGING SOURCE | |
| Transcribing agency | ddc |
| 082 ## - DEWEY DECIMAL CLASSIFICATION NUMBER | |
| Classification number | 632.9 CRO 2016 |
| 100 ## - MAIN ENTRY--PERSONAL NAME | |
| Personal name | Gireesh, Chand; Santosh,Kumar |
| 9 (RLIN) | 16125 |
| 245 ## - TITLE STATEMENT | |
| Title | Crop Diseases and their management: |
| Remainder of title | Integrated Approaches |
| 260 ## - PUBLICATION, DISTRIBUTION, ETC. (IMPRINT) | |
| Place of publication, distribution, etc. | Oakville: |
| Name of publisher, distributor, etc. | Apple Academic Press; |
| Date of publication, distribution, etc. | 2016, |
| 300 ## - PHYSICAL DESCRIPTION | |
| Extent | xvi,404p.: |
| Other physical details | ill; |
| Dimensions | 26cm. |
| 504 ## - BIBLIOGRAPHY, ETC. NOTE | |
| Bibliography, etc | Includes references. |
| 650 ## - SUBJECT ADDED ENTRY--TOPICAL TERM | |
| Topical term or geographic name as entry element | Crop Diseases |
| 9 (RLIN) | 16126 |
| 942 ## - ADDED ENTRY ELEMENTS (KOHA) | |
| Source of classification or shelving scheme | Dewey Decimal Classification |
| Koha item type | Book |
| Withdrawn status | Lost status | Source of classification or shelving scheme | Damaged status | Not for loan | Home library | Current library | Date acquired | Source of acquisition | Inventory number | Total Checkouts | Full call number | Barcode | Date last seen | Price effective from | Koha item type |
|---|---|---|---|---|---|---|---|---|---|---|---|---|---|---|---|
| Dewey Decimal Classification | MUST Main Library | MUST Main Library | 03/08/2022 | Purchase | 22/419771 | 632.9 CRO 2016 | 2022-0745 | 03/08/2022 | 03/08/2022 | Book |
